Application of Multi-Criteria Decision Making Methods for Evaluation of Selected Passenger Electric Cars: A Case Study

Článok sa zaoberá analýzou vybraných technických a ekonomických aspektov, ktoré ovplyvňujú rozhodovací proces pri výbere automobilu s elektrickým pohonom - elektromobilu. Šetrnosť k životnému prostrediu začína byť jedným z kľúčových aspektov v kontexte výberu elektromobilu, no jeho konečný výber stá...

Descrizione completa

Salvato in:
Dettagli Bibliografici
Autore principale: Stopka, Ondrej
Altri autori: Stopková, Mária, Pečman, Jan
Natura: Capitolo di libro
Lingua:inglese
Soggetti:
Tags: Aggiungi Tag
Nessun Tag, puoi essere il primo ad aggiungerne!!

MARC

LEADER 00000naa a2200000 4500
001 0287188
005 20220809075504.1
041 0 |a eng 
044 |a SK 
245 1 0 |a Application of Multi-Criteria Decision Making Methods for Evaluation of Selected Passenger Electric Cars: A Case Study  |c Ondrej Stopka, Mária Stopková, Jan Pečman 
520 |a Článok sa zaoberá analýzou vybraných technických a ekonomických aspektov, ktoré ovplyvňujú rozhodovací proces pri výbere automobilu s elektrickým pohonom - elektromobilu. Šetrnosť k životnému prostrediu začína byť jedným z kľúčových aspektov v kontexte výberu elektromobilu, no jeho konečný výber stále ovplyvňujú štandardy, ktoré ponúkajú vozidlá so spaľovacím motorom. 
610 2 0 |a doprava osobná 
610 2 0 |a elektromobily 
610 2 0 |a rozhodovanie viackriteriálne 
610 2 0 |a prostredie životné 
100 1 |a Stopka, Ondrej 
700 1 |a Stopková, Mária 
700 1 |a Pečman, Jan